[Event "Mar del Plata op 30th"]
[Site "Mar del Plata"]
[Date "1999.04.03"]
[Round "8"]
[White "Needleman, Alejandro"]
[Black "Panno, Oscar"]
[Result "0-1"]
[WhiteElo "2359"]
[BlackElo "2454"]

1.e4 c5 2.Nf3 e6 3.Nc3 Nc6 4.d4 cxd4 5.Nxd4 d6 6.Be3 a6 7.Bd3 Nf6 8.f4 Qc7
9.Qf3 Be7 10.O-O O-O 11.Nb3 Re8 12.g4 Nd7 13.g5 b5 14.Rae1 Bf8 15.Qh3 Nb4
16.Re2 g6 17.e5 Bb7 18.Be4 Nd5 19.Bxd5 exd5 20.Bd4 Nc5 21.Rf3 Bg7 22.Qh4 Ne6
23.Rh3 Nxd4 24.Nxd4 Qb6 25.Qxh7+ Kf8 26.Rd3 dxe5 27.fxe5 Rxe5 28.Rxe5 Bxe5
29.Ne2 Re8 30.Kg2 Bg7 31.Qh3 Qd6 32.c3 Qe5 33.Qg3 Qe4+ 34.Rf3 Be5 35.Qf2 Re7
36.Ng3 Qh4 37.Kg1 Kg8 38.Qd2 b4 39.Kg2 bxc3 40.bxc3 Qg4 41.Rf6 Bc8 42.Nc6 Bxf6
43.gxf6 Rb7 44.Qh6 Qh3+ 45.Qxh3 Rb2+ 46.Kf3 Bxh3 47.a4 Bd7 48.Ne7+ Kf8 49.h4 Bxa4
50.Ke3 Bb3 51.Nc6 Rh2 52.Kd4 Rxh4+  0-1

[Event "Dreifluesse op 7th"]
[Site "Passau"]
[Date "1999.04.03"]
[Round "3"]
[White "Bensch, Patrick"]
[Black "Stanzl, Matthias"]
[Result "1-0"]
[WhiteElo "2255"]
[BlackElo "1957"]

1.e4 c5 2.Nf3 Nc6 3.d4 cxd4 4.Nxd4 e6 5.Nc3 a6 6.Be2 b5 7.Be3 Bb7 8.f4 Qc7
9.Bf3 Rd8 10.O-O Bc5 11.Kh1 Nxd4 12.Bxd4 Nf6 13.e5 Bxf3 14.Rxf3 Ng4 15.Bxc5 Qxc5
16.Ne4 Qb6 17.Nd6+ Kf8 18.Qg1 Qxg1+ 19.Kxg1 f5 20.Rd1 Rb8 21.Rc3 Ke7 22.h3 b4
23.Rg3  1-0

[Event "Dreifluesse op 7th"]
[Site "Passau"]
[Date "1999.04.03"]
[Round "3"]
[White "Medunova, Vera"]
[Black "Popow, Alexander"]
[Result "1/2-1/2"]
[WhiteElo "2170"]
[BlackElo "1936"]

1.e4 c5 2.Nf3 Nc6 3.d4 cxd4 4.Nxd4 e6 5.Nc3 a6 6.a3 Bc5 7.Be3 Qf6 8.Nxc6 Bxe3
9.fxe3 bxc6 10.Qd6 Qh4+ 11.g3 Qe7 12.O-O-O Qxd6 13.Rxd6 e5 14.Bg2 Ke7 15.Rhd1 Nf6
16.Bf3 Ne8 17.R6d2 d6 18.Na4 Be6 19.b3 h5 20.h4 Rh6 21.Be2 a5 22.Bc4 Bg4
23.Rf1 Rf6 24.Rdf2 Rxf2 25.Rxf2 Nf6 26.Nc3 Be6 27.Bd3 Ng4 28.Re2 Rh8 29.Kd2 Rh6
30.Re1 Rf6 31.Rf1 Nf2 32.Be2 Bh3 33.Rg1 g6 34.Ke1 Kf8 35.b4 axb4 36.axb4 Ke7
37.b5 Bd7 38.Rf1 Ng4 39.Bxg4 Rxf1+ 40.Kxf1 Bxg4 41.bxc6 Be6 42.Ke2 Kd8 43.Kd3  1/2-1/2

[Event "Rheinhessen-ch HT1 op"]
[Site "Woerrstadt"]
[Date "1999.04.03"]
[Round "7"]
[White "Merkel, Gregor"]
[Black "Girg, Rolf"]
[Result "1/2-1/2"]
[WhiteElo "1509"]
[BlackElo "1607"]

1.e4 c5 2.Nf3 Nc6 3.d4 cxd4 4.Nxd4 e6 5.Nc3 Bc5 6.Nb3 Bb4 7.Bd2 Nge7 8.Bb5 O-O
9.f4 f5 10.Qf3 Ng6 11.g3 Qe7 12.O-O-O a6 13.Bxc6 dxc6 14.e5 a5 15.Ne2 Qc7
16.h4 Bxd2+ 17.Nxd2 b5 18.a3 Bb7 19.Rhe1 c5 20.Qf2 Bd5 21.Nc3 Qc6 22.Nxd5 exd5
23.Nb3 d4 24.Nd2 b4 25.Nc4 Rfb8 26.Qe2 Qe6 27.Nd6 bxa3 28.bxa3 Qa2 29.Qc4+ Qxc4
30.Nxc4 Ne7 31.Kd2 Nd5 32.Rb1 a4 33.Kd3 Kf8 34.Nd6 g6 35.Rh1 h5 36.Nb7 Rc8
37.Rb5 Nc3 38.Rxc5 Rxc5 39.Nxc5 Ke7 40.Re1 Rd8 41.Kc4 Rc8 42.Kb4  1/2-1/2

[Event "Baden Casino op"]
[Site "Baden"]
[Date "1999.04.05"]
[Round "5"]
[White "Illijin, Neboisa"]
[Black "Kaenel, Hansjuerg"]
[Result "0-1"]
[WhiteElo "2252"]
[BlackElo "2395"]

1.e4 c5 2.Nf3 e6 3.d4 cxd4 4.Nxd4 Nc6 5.Nc3 Qc7 6.Be3 a6 7.Qd2 Nf6 8.O-O-O Be7
9.f3 O-O 10.g4 b5 11.g5 Nh5 12.Nxc6 dxc6 13.Bh3 Rd8 14.Qf2 Nf4 15.Bg4 Bxg5
16.h4 Bh6 17.Kb1 Re8 18.Bb6 Qb7 19.Rhe1 e5 20.Rd6 g6 21.Red1 Ne6 22.h5 Bf8
23.R6d2 a5 24.Be3 a4 25.Ne2 b4 26.b3 Ra5 27.Bxe6 Bxe6 28.Rd8 Ra8 29.Rxe8 Rxe8
30.Bc5 Qb5 31.Bxf8 Rxf8 32.Qe3 c5 33.Ng3 axb3 34.cxb3 c4 35.Nf5 cxb3 36.Ne7+ Kg7
37.Rh1 bxa2+ 38.Ka1 b3 39.Qd2 b2+ 40.Qxb2 Qxb2+ 41.Kxb2 Rb8+ 42.Ka1 Rb1+
43.Rxb1 axb1=Q+ 44.Kxb1 gxh5 45.Nc6 Kf6 46.Nb4 h4  0-1

[Event "Dreifluesse op 7th"]
[Site "Passau"]
[Date "1999.04.05"]
[Round "7"]
[White "Grabarska, Barbara"]
[Black "Jansa, Vlastimil"]
[Result "1/2-1/2"]
[WhiteElo "2202"]
[BlackElo "2469"]

1.e4 c5 2.Nf3 e6 3.d4 cxd4 4.Nxd4 Nc6 5.Nc3 a6 6.g3 Qc7 7.Bg2 Nf6 8.O-O d6
9.Re1 Rb8 10.b3 Be7 11.Bb2 O-O 12.Nxc6 bxc6 13.Na4 Nd7 14.Qe2 c5 15.c4 Bb7
16.Rad1 Rfd8 17.Bc3 Bc6 18.Nb2 Bf6 19.Bxf6 Nxf6 20.e5 Bxg2 21.Kxg2 dxe5 22.Qxe5 Qc6+
23.Kg1 h5 24.Qf4 Rbc8 25.Nd3 Rd4 26.Ne5 Rxd1 27.Rxd1 Qc7 28.Qe3 a5 29.Nf3 a4
30.bxa4 Re8 31.Qb3 Rb8 32.Qd3 Kf8 33.a5 Ke7 34.a6 Ra8 35.Ng5 Rxa6 36.Ne4 Nxe4
37.Qxe4 Rxa2 38.Qh4+ f6 39.Qxh5 Ra8 40.Qg6 Kf8 41.Qe4 Ra6 42.Rb1 f5 43.Qh4 Kg8
44.Qg5 Ra8 45.h4 Rf8 46.Qe3 Qc6 47.h5 Kh7 48.Rb5 Rd8 49.Rb1 Rd4 50.Qg5 Rg4
51.Qd8 Rxc4 52.Qg5 Rg4 53.Qd8 Ra4 54.Re1 Re4 55.Qg5 Rg4  1/2-1/2

[Event "IND-ch"]
[Site "Nagpur"]
[Date "1999.04.06"]
[Round "15"]
[White "Thipsay, Praveen Mahadeo"]
[Black "Mishra, Neeraj Kumar"]
[Result "1-0"]
[WhiteElo "2467"]
[BlackElo "2363"]

1.e4 c5 2.Nf3 e6 3.d4 cxd4 4.Nxd4 Nc6 5.Nc3 a6 6.Be2 Nge7 7.Be3 Nxd4 8.Qxd4 b5
9.f4 Nc6 10.Qd2 Be7 11.O-O O-O 12.Rad1 Qc7 13.Kh1 Na5 14.f5 Bf6 15.Bf4 Be5
16.f6 gxf6 17.Nd5 exd5 18.Bxe5 Qxe5 19.Rf5 Nc6 20.Rxe5 Nxe5 21.Qxd5 Rb8 22.Qd6 Bb7
23.Qxf6 Rfe8 24.Bd3 Re6 25.Qf5 Kh8 26.Re1 Rg8 27.Re3 Rgg6 28.Kg1 Kg7 29.Be2 d6
30.Bh5 Rgf6 31.Qg5+ Ng6 32.Bf3 Re5 33.Qg3 d5 34.Qe1 dxe4 35.Be2 Ref5 36.Bg4 Rg5
37.Rg3 Ne5 38.Bc8 Bxc8 39.Rxg5+ Ng6 40.Qxe4 Be6 41.Qd4  1-0

[Event "Budapest FS04 ELO"]
[Site "Budapest"]
[Date "1999.04.07"]
[Round "5"]
[White "Lakat, Gyula"]
[Black "Dekany, Lajos"]
[Result "1-0"]
[WhiteElo "2062"]
[BlackElo "2187"]

1.e4 c5 2.Nf3 Nc6 3.Nc3 e6 4.d4 cxd4 5.Nxd4 Qc7 6.Be3 a6 7.a4 Nf6 8.Nb3 b6
9.Be2 Bd6 10.Bxb6 Qb8 11.a5 Bb4 12.Ra4 Nxe4 13.Rxb4 Nxc3 14.bxc3 Nxb4 15.cxb4 O-O
16.O-O d5 17.Nc5 f5 18.Qd4 Rf6 19.f4 Qd6 20.Bf3 Rh6 21.g3 g5 22.fxg5 Rg6
23.c4 Rxg5 24.Bg2 Rb8 25.Qf4 Qxf4 26.gxf4  1-0

[Event "Baden Casino op"]
[Site "Baden"]
[Date "1999.04.08"]
[Round "7"]
[White "Rogers, Ian"]
[Black "Kaenel, Hansjuerg"]
[Result "0-1"]
[WhiteElo "2618"]
[BlackElo "2395"]

1.e4 c5 2.Nf3 e6 3.d4 cxd4 4.Nxd4 Nc6 5.Nc3 Qc7 6.Be2 a6 7.O-O Nf6 8.Be3 Bb4
9.Na4 O-O 10.Nxc6 bxc6 11.c4 Be7 12.Bf3 d6 13.c5 d5 14.Nb6 Rb8 15.Qa4 dxe4
16.Bxe4 Nxe4 17.Qxe4 e5 18.b4 Be6 19.f4 Bf6 20.f5 Bd5 21.Qc2 Rfd8 22.Rad1 e4
23.Rd2 Be5 24.h3 Qe7 25.Qd1 Qh4 26.Nxd5 cxd5 27.Rxd5 Rxd5 28.Qxd5 Qg3 29.Qxe4 Rxb4
30.Rd1 Rb8 31.Qf3 Qh2+ 32.Kf2 h6 33.f6 g6 34.Ke2 h5 35.Bg1 Qh1 36.c6 Rb2+
37.Ke3 Rxg2 38.Bf2 Qh2 39.Rd8+ Kh7 40.Rd7 Kh6 41.Be1 g5 42.Rxf7 Qg1+ 43.Bf2 Qc1+
44.Ke2 Qc4+ 45.Kd1 Qf1+  0-1

[Event "Baden Casino op"]
[Site "Baden"]
[Date "1999.04.08"]
[Round "7"]
[White "Sedina, Elena"]
[Black "Wyss, Thomas"]
[Result "1-0"]
[WhiteElo "2374"]
[BlackElo "2201"]

1.e4 c5 2.Nf3 e6 3.d4 cxd4 4.Nxd4 Nc6 5.Nc3 Qc7 6.Be3 a6 7.a4 Nf6 8.Bd3 Bb4
9.O-O h5 10.h3 Bd6 11.Nxc6 bxc6 12.f4 e5 13.f5 Qa5 14.Kh1 Bc5 15.Bd2 Qc7
16.a5 Rb8 17.Na4 Ba7 18.Qe1 Bb7 19.Nb6 Kf8 20.Qh4 d5 21.Bg5 Qd6 22.c4 Bxb6
23.Bxf6 Bd4 24.Bg5 Bc8 25.f6 g6 26.cxd5 cxd5 27.exd5 Bb7 28.Be4 Bxd5 29.Rac1 Kg8
30.Rfd1 Bxe4 31.Qxe4 Kh7 32.Rc6 Qd7 33.Rdc1 Rb3 34.Kh2 Rxb2 35.Rc7 Qe6 36.Re7 Qa2
37.Rcc7 Rf8 38.Bc1 Re2 39.Qb7 g5 40.Rxf7+ Rxf7 41.Rxf7+ Kg6 42.Rg7+  1-0

[Event "Hampstead IM-A 5th"]
[Site "London"]
[Date "1999.04.10"]
[Round "4"]
[White "Cooper, Lawrence"]
[Black "Sheldon, Ruth"]
[Result "1-0"]
[WhiteElo "2325"]
[BlackElo "2265"]

1.e4 c5 2.Nf3 e6 3.Nc3 Nc6 4.d4 cxd4 5.Nxd4 Qc7 6.g3 a6 7.Bg2 Nf6 8.O-O d6
9.Re1 Rb8 10.Nxc6 bxc6 11.Na4 Be7 12.c4 c5 13.e5 dxe5 14.Rxe5 Rb4 15.Bf4 Qd7
16.b3 Qxd1+ 17.Rxd1 O-O 18.h3 Nd7 19.Re2 Nb6 20.Nxb6 Rxb6 21.Bc7 Rb4 22.Rd3 Bb7
23.a3 Bxg2 24.axb4 Bxh3 25.b5 axb5 26.cxb5 Bf5 27.Rd7 Bf6 28.Bd6 Re8 29.b6 Bg4
30.Ra2 e5 31.Rda7  1-0

[Event "BL2-S9899"]
[Site "Germany"]
[Date "1999.04.18"]
[Round "9.4"]
[White "Duschek, Volker"]
[Black "Krockenberger, Martin"]
[Result "1/2-1/2"]
[WhiteElo "2265"]
[BlackElo "2298"]

1.e4 c5 2.Nf3 e6 3.d4 cxd4 4.Nxd4 Nc6 5.Nc3 Qc7 6.g3 a6 7.Bg2 Nf6 8.O-O Be7
9.Re1 d6 10.Nxc6 bxc6 11.e5 dxe5 12.Rxe5 O-O 13.Bf4 Bd6 14.Rxe6 Bxf4 15.Rxc6 Qe7
16.Rxf6 Qxf6 17.Bxa8 Be5 18.Be4 Bxc3 19.bxc3 Qxc3 20.Qf3 Qc4  1/2-1/2

[Event "ISR-chT"]
[Site "Israel"]
[Date "1999.04.23"]
[Round "9"]
[White "Shevelev, Arkady"]
[Black "Kogan, Boris"]
[Result "1/2-1/2"]
[WhiteElo "2378"]
[BlackElo "2445"]

1.e4 c5 2.Nf3 e6 3.d4 cxd4 4.Nxd4 Nc6 5.Nc3 d6 6.Be3 Nf6 7.f4 Be7 8.Be2 O-O
9.O-O a6 10.a4 Bd7 11.Nb3 Na5 12.Nxa5 Qxa5 13.Qd2 Kh8 14.Bf3 Bc6 15.b4 Qc7
16.b5 Be8 17.bxa6 Rxa6 18.Nb5 Qc4 19.Be2 Qxe4 20.Nc3 Qf5 21.Bxa6 bxa6 22.Qd3 Qa5
23.h3 Bc6 24.Rab1 Nd7 25.Kh2 d5 26.Ne2 Nc5 27.Bxc5 Bxc5 28.Ra1 Bd6 29.Kh1 Bd7
30.c4 Bc6 31.Nd4 Ba8 32.f5 dxc4 33.Qe3 Qd5 34.Nf3 Qxf5 35.Rad1 Bd5 36.Qb6 Qf4
37.Rd4 Bc7 38.Rxf4 Bxb6 39.Ne5 f5 40.Nd7 g5 41.R4f3 Bxf3 42.gxf3 Be3 43.Nxf8 c3
44.Nxe6 c2 45.Nc5 c1=Q 46.Rxc1 Bxc1 47.Nxa6 Kg7 48.Nb4 Be3 49.a5 Kg6 50.Kg2 Kh5
51.a6 g4 52.Kg3 gxf3 53.Kxf3 Bb6 54.Kg3 Bc7+ 55.Kg2 Bb6 56.Nd5 Bc5 57.Kg3 Kg5
58.h4+ Kh5 59.Nf4+ Kh6 60.Kf3 Ba7 61.Ng2 Bb6 62.Ne1 f4 63.Nd3 Kh5  1/2-1/2

[Event "POL-ch"]
[Site "Polanica Zdroj"]
[Date "1999.04.23"]
[Round "1"]
[White "Kuczynski, Robert"]
[Black "Gdanski, Jacek"]
[Result "1/2-1/2"]
[WhiteElo "2430"]
[BlackElo "2530"]

1.e4 c5 2.Nf3 e6 3.Nc3 Nc6 4.d4 cxd4 5.Nxd4 Nf6 6.a3 Be7 7.Be2 O-O 8.Be3 d6
9.O-O e5 10.Nb3 Be6 11.Bf3 Na5 12.Nxa5 Qxa5 13.Qd2 Rfc8 14.Rfc1 Rc6 15.Nd5 Qxd2
16.Nxe7+ Kf8 17.Bxd2 Kxe7 18.b3 a5 19.a4 b6 20.c4 Nd7 21.Re1 Nc5 22.Re3 Rh8
23.Rae1 Rcc8 24.Bd1 f6 25.h4 g6 26.Rg3 Bf7 27.Bc2 h6 28.Rh3 Be6 29.Rhe3 g5
30.hxg5 hxg5 31.f3 Rh4 32.Kf2 Rch8 33.Rg1 Rh2 34.Ree1 g4 35.f4 R8h3 36.Re3 Bd7
37.f5 Bc6 38.Rge1 Kf7 39.Rg3 Rh4 40.Re2 Rh1 41.Be1 Bb7 42.Ree3 Ke7 43.Re2 Bc6  1/2-1/2

[Event "POL-ch"]
[Site "Polanica Zdroj"]
[Date "1999.04.24"]
[Round "2"]
[White "Socko, Bartosz"]
[Black "Sosnicki, Michal"]
[Result "1-0"]
[WhiteElo "2497"]
[BlackElo "2286"]

1.e4 c5 2.Nf3 e6 3.d4 cxd4 4.Nxd4 Nc6 5.Nc3 Qc7 6.Be3 a6 7.Be2 Nf6 8.a3 Be7
9.f4 d6 10.Qd2 Bd7 11.O-O-O Nxd4 12.Bxd4 Bc6 13.Bf3 b5 14.g4 Qb7 15.Rhe1 O-O
16.g5 Nd7 17.Nd5 exd5 18.exd5 Bxd5 19.Bxd5 Qxd5 20.Rxe7 Qa2 21.c3 Rad8 22.Ba7 b4
23.axb4 a5 24.b5 Qa1+ 25.Kc2 Qa4+ 26.Kb1 Qxb5 27.Qxd6 Ne5 28.Qxd8 Nc4 29.Re2 Na3+
30.Ka2 Qxe2 31.Kxa3 Rxd8 32.Rxd8+  1-0

[Event "Dubai op"]
[Site "Dubai"]
[Date "1999.05.02"]
[Round "2"]
[White "Kaiumov, Dmitry D"]
[Black "Al Modiahki, Mohamad"]
[Result "0-1"]
[WhiteElo "2482"]
[BlackElo "2530"]

1.e4 c5 2.Nf3 e6 3.d4 cxd4 4.Nxd4 Nc6 5.Nc3 Qc7 6.Be2 a6 7.O-O Nf6 8.Kh1 Nxd4
9.Qxd4 Bc5 10.Qd3 b5 11.f4 Bb7 12.Bf3 h5 13.e5 Ng4 14.Bxb7 Qxb7 15.Ne4 Be7
16.Bd2 Rc8 17.b3 Qd5 18.a4 Qxd3 19.cxd3 f5 20.exf6 gxf6 21.axb5 axb5 22.f5 O-O
23.Ra7 exf5 24.Rxf5 Ra8 25.Rxa8 Rxa8 26.g3 Ra1+ 27.Kg2 Ra2 28.Kf3 Ne5+ 29.Ke2 Kf7
30.Nc3 Rb2 31.Nd5 Bd8 32.b4 Kg6 33.Rf2 Nc6 34.Kf1 Ne5 35.Ke2 Nc6 36.Ke3 Ne5
37.h3 Rb3 38.Nf4+ Kf7 39.Ke4 Nc6 40.Nd5 Be7 41.Rf5 Bxb4 42.Rxf6+ Ke8 43.Bg5 Be7
44.Nxe7 Nxe7 45.Rh6 Nc6 46.Rh7 Rb1 47.Rxh5 b4 48.Bf6 Kf7 49.Bh8 Re1+ 50.Kf3 Kg8
51.Kf2 Rh1 52.h4 b3  0-1

[Event "EST-ch"]
[Site "Tallinn"]
[Date "1999.05.02"]
[Round "2"]
[White "Sepp, Olav"]
[Black "Kulaots, Kaido"]
[Result "1/2-1/2"]
[WhiteElo "2397"]
[BlackElo "2426"]

1.e4 c5 2.Ne2 Nc6 3.d4 cxd4 4.Nxd4 e6 5.Nc3 Qc7 6.Be2 a6 7.O-O Nf6 8.Kh1 Nxd4
9.Qxd4 Bc5 10.Qd3 b5 11.f4 Bb7 12.Bf3 h5 13.e5 Ng4 14.Bxb7 Qxb7 15.Ne4 Be7
16.Bd2 Rc8 17.a3 Qc6 18.Bc3 Nh6 19.Rad1 Nf5 20.Bb4 h4 21.Bxe7 Kxe7 22.Rf3 f6
23.c3 Rcd8 24.b4 d6 25.exd6+ Nxd6 26.Nxd6 Rxd6 27.Qxd6+ Qxd6 28.Rxd6 Kxd6
29.Rd3+ Ke7 30.Kg1 Rc8 31.Kf2 Rc4 32.Ke3 f5 33.g3 hxg3  1/2-1/2

[Event "Budapest FS05 Elo"]
[Site "Budapest"]
[Date "1999.05.06"]
[Round "6"]
[White "Balogh, Csaba"]
[Black "Berczes, Cs"]
[Result "1-0"]
[WhiteElo "2135"]
[BlackElo "2146"]

1.e4 c5 2.Nf3 e6 3.d4 cxd4 4.Nxd4 Nc6 5.Nc3 a6 6.Be2 Qc7 7.Be3 Nf6 8.O-O d6
9.Kh1 Be7 10.f4 O-O 11.Qe1 Nxd4 12.Bxd4 b5 13.a3 Bb7 14.Qg3 Bc6 15.Rae1 Qb7
16.Bd3 Rad8 17.Qh3 g6 18.f5 e5 19.Be3 Kh8 20.Bh6 Rg8 21.Bg5 gxf5 22.Qxf5 Rg6
23.Bxf6+ Bxf6 24.Nd5 Bg5 25.Qxf7 Qxf7 26.Rxf7 Bxd5 27.exd5 Rg7 28.Ref1 Rxf7
29.Rxf7 e4 30.Bxe4 Re8 31.h4 Re7 32.Rxe7 Bxe7 33.g3 Bf6 34.c3 a5 35.Kg2 Kg7
36.Kf3 h6 37.Kg4 Be5 38.Bd3 b4 39.axb4 axb4 40.cxb4 Bxb2 41.Kf5 Kf7 42.g4 Bc3
43.b5 Bd4 44.g5 hxg5 45.hxg5 Be3 46.g6+ Ke7 47.Be2 Ba7 48.Bh5 Bd4 49.b6 Kd7
50.b7 Kc7 51.Ke6 Kxb7 52.Kf7 Kb6 53.g7 Bxg7 54.Kxg7 Kc5 55.Bf3  1-0

[Event "Dubai op"]
[Site "Dubai"]
[Date "1999.05.08"]
[Round "8"]
[White "El Taher, Fouad"]
[Black "Al Modiahki, Mohamad"]
[Result "0-1"]
[WhiteElo "2468"]
[BlackElo "2530"]

1.e4 c5 2.Nf3 e6 3.d4 cxd4 4.Nxd4 Nc6 5.Nc3 Qc7 6.Be2 a6 7.O-O Nf6 8.Be3 Bb4
9.Na4 O-O 10.Nxc6 bxc6 11.Nb6 Rb8 12.Nxc8 Rfxc8 13.Bxa6 Rf8 14.Bd3 Bd6 15.f4 e5
16.f5 Rxb2 17.g4 Qa5 18.g5 Ne8 19.Qg4 Bc5 20.Bxc5 Qxc5+ 21.Kh1 f6 22.g6 h6
23.Rfb1 Rxb1+ 24.Rxb1 Nd6 25.Qg1 Qxg1+ 26.Kxg1 Ra8 27.c4 Kf8 28.c5 Ne8 29.Bc4 Ke7
30.Rb7 Kd8 31.Bf7 Nc7 32.Rb3 Nb5 33.Rh3 Kc7 34.a4 Rxa4 35.Kf2 d6 36.Be8 Ra2+
37.Kf1 Ra8 38.Bf7 dxc5 39.Rd3 Nd6 40.Be6 c4 41.Rc3 Nxe4 42.Rc1 Nd6  0-1

[Event "Budapest FS05 IM"]
[Site "Budapest"]
[Date "1999.05.11"]
[Round "11"]
[White "Sedlak, Nicola"]
[Black "Olszewski, Piotr"]
[Result "1/2-1/2"]
[WhiteElo "2349"]
[BlackElo "2349"]

1.e4 c5 2.Nf3 Nc6 3.d4 cxd4 4.Nxd4 e6 5.Nc3 Qc7 6.Be3 a6 7.Bd3 Nf6 8.O-O d6
9.f4 Nxd4 10.Bxd4 e5 11.Be3 exf4 12.Rxf4 Be6 13.Qe2 Be7 14.Raf1 Nd7 15.Nd5 Bxd5
16.exd5 Ne5 17.Bd4 O-O 18.Qf2 Qa5  1/2-1/2

[Event "Katrineholm"]
[Site "Katrineholm"]
[Date "1999.05.11"]
[Round "1"]
[White "Berg, Emanuel"]
[Black "Cramling, Pia"]
[Result "1/2-1/2"]
[WhiteElo "2364"]
[BlackElo "2515"]

1.e4 c5 2.Nc3 Nc6 3.Nf3 e6 4.d4 cxd4 5.Nxd4 Qc7 6.f4 Nxd4 7.Qxd4 a6 8.Be3 b5
9.Be2 Bb7 10.Bf3 Rc8 11.O-O h5 12.Rad1 Nf6 13.a3 Be7 14.Kh1 d6 15.Rf2 Ng4
16.Bxg4 Bf6 17.Qxd6 Qxd6 18.Rxd6 hxg4 19.Kg1 Bxc3 20.bxc3 Bxe4 21.Rxa6 O-O
22.Bd4 Ra8 23.Rxa8 Rxa8 24.Bc5 Rc8 25.Bd4 Ra8 26.Re2 Bd5 27.Bc5 Rc8 28.Bd4 Ra8
29.Bc5 Rc8 30.Bd4 f6 31.Kf2 Kf7 32.Kg3 Rh8 33.Bg1 Rc8 34.Bd4 Rh8 35.Bg1 Ra8
36.Bc5 Rh8 37.Bg1 f5 38.Re1 Ra8 39.Bc5 Rc8 40.Bd4 Ra8 41.Bc5 Ra4 42.h3 gxh3
43.gxh3 Rc4 44.Bd4 Ra4 45.Rg1 Rxa3 46.Kh4 g6 47.Kg5 Ra2 48.Kh6 Rxc2 49.Rxg6 Rh2
50.Rg3 Bg2 51.Rg7+ Ke8 52.Kg5 Rxh3 53.Kf6 Bd5 54.Bb6 Rxc3 55.Re7+ Kf8 56.Rd7 Kg8
57.Bd4 Rd3 58.Be5 Bc4 59.Rb7 Rd2 60.Rc7 Rd3 61.Ra7 Rd1 62.Ra8+ Kh7 63.Ra3 Rd3
64.Ra1 Bd5 65.Rg1 Kh6 66.Rg5 Bf3 67.Ke7 Rd2 68.Bg7+ Kh7 69.Kf6 Rg2 70.Rxg2 Bxg2
71.Bf8 Bd5 72.Bd6 Kh6 73.Ke5 Kh5 74.Kd4 Kg4 75.Kc5 Bc4 76.Kb4 Kf3 77.Be5 Ke3
78.Bd6 Kd3  1/2-1/2

[Event "Capablanca mem Premier II"]
[Site "Havana"]
[Date "1999.05.12"]
[Round "5"]
[White "Dominguez Perez, Lenier"]
[Black "Garcia Martinez, Silvino"]
[Result "1/2-1/2"]
[WhiteElo "2479"]
[BlackElo "2420"]

1.e4 c5 2.Nf3 e6 3.d4 cxd4 4.Nxd4 Nc6 5.Nc3 Qc7 6.f4 a6 7.Nxc6 bxc6 8.Bd3 d5
9.O-O Nf6 10.Kh1 Be7 11.Qf3 O-O 12.e5 Nd7 13.Na4 c5 14.c4 dxc4 15.Be4 Rb8
16.Qc3 Bb7 17.Qxc4 Nb6 18.Nxb6 Bxe4 19.Qxe4 Rxb6 20.Qc4 Rd8 21.b3 Qb7 22.Be3 Rb4
23.Qc2 c4 24.bxc4  1/2-1/2

[Event "NOR-chT"]
[Site "Langesund"]
[Date "1999.05.14"]
[Round "4"]
[White "Hersvik, Daniel"]
[Black "Trygstad, Kristian"]
[Result "1/2-1/2"]
[WhiteElo "2080"]
[BlackElo "2254"]

1.e4 c5 2.Nf3 e6 3.Nc3 Nc6 4.d4 cxd4 5.Nxd4 Qc7 6.Be3 a6 7.Bd3 Nf6 8.O-O Bd6
9.h3 Bf4 10.Bxf4 Qxf4 11.Nce2 Qc7 12.c4 O-O 13.Rc1 d6 14.Bb1 Rd8 15.b3 Nxd4
16.Qxd4 b6 17.Rfd1 Bb7 18.Nc3 Rab8 19.Qd3 Rbc8 20.Qe3  1/2-1/2

[Event "VCN SchaakFestival"]
[Site "Soest"]
[Date "1999.05.15"]
[Round "4"]
[White "Hekking, Geert"]
[Black "De Haan, Eric"]
[Result "0-1"]
[WhiteElo "1620"]
[BlackElo "2340"]

1.e4 c5 2.Nf3 e6 3.d4 cxd4 4.Nxd4 Nc6 5.Nc3 Qc7 6.Be3 Nf6 7.f3 Bb4 8.Nb5 Qb8
9.a3 Be7 10.Qd2 a6 11.Nd4 O-O 12.Be2 Rd8 13.f4 d6 14.g4 d5 15.e5 Ne4 16.Nxe4 dxe4
17.O-O-O Bd7 18.Bc4 b5 19.Bb3 a5 20.Qc3 Nxd4 21.Qxd4 a4 22.Ba2 b4 23.axb4 a3
24.Qb6 Qc8 25.Bc5 Ra6 26.Qxa6 Qxa6 27.Bxe7 Ra8 28.b3 Bc6 29.c4 h6 30.Bc5 e3
31.b5 Bxb5 32.cxb5 Qxb5 33.b4 Qe2  0-1

[Event "VCN SchaakFestival"]
[Site "Soest"]
[Date "1999.05.15"]
[Round "5"]
[White "Schoenmakers, Paul"]
[Black "Muis, Gerrit Meine"]
[Result "0-1"]
[WhiteElo "1851"]
[BlackElo "2103"]

1.e4 c5 2.Nf3 e6 3.Nc3 Nc6 4.d4 cxd4 5.Nxd4 Qc7 6.Nxc6 Qxc6 7.Bd3 a6 8.O-O Bc5
9.Qg4 Bd4 10.Ne2 Bf6 11.Bg5 h5 12.Qh4 Qc5 13.Bxf6 Nxf6 14.Kh1 g5 15.b4 Qe5
16.Qg3 Qxg3 17.fxg3 Ke7 18.a4 d6 19.Nd4 Nd7 20.Rf2 Ne5 21.Nf3 Ng4 22.Re2 Bd7
23.h3 Ne5 24.Nxe5 dxe5 25.c4 Rhd8 26.Re3 Be8 27.Kg1 Rd4 28.Kf2 Rad8 29.Ke2 f6
30.b5 a5 31.Rc1 h4 32.g4 b6 33.Rc3 Rc8 34.Rf3 Bd7 35.g3 hxg3 36.Rxg3 Kd6
37.Rg1 Kc5 38.Rb3 Rh8 39.Rg3 Rf8 40.Ke3 f5 41.gxf5 exf5 42.Rxg5 Rh8 43.exf5 Rxh3+
44.Ke2 Be8 45.f6 Kd6 46.Bg6 Rxb3 47.Bxe8 Rh4 48.Rg2 Rb2+ 49.Kf3 Rf4+  0-1

[Event "Curitiba"]
[Site "Curitiba"]
[Date "1999.05.16"]
[Round "1"]
[White "Cubas, Jose Fernando"]
[Black "Crosa Coll, Martin"]
[Result "1-0"]
[WhiteElo "2198"]
[BlackElo "2208"]

1.e4 c5 2.Nf3 Nc6 3.Nc3 e6 4.d4 cxd4 5.Nxd4 Nf6 6.g3 Be7 7.Bg2 O-O 8.O-O Qc7
9.h3 Nxd4 10.Qxd4 e5 11.Qd3 a6 12.Rd1 d6 13.a4 Be6 14.Be3 b6 15.Rac1 Rfc8
16.g4 Bc4 17.Qd2 Rab8 18.f4 Nd7 19.f5 b5 20.Na2  1-0

[Event "VCN SchaakFestival"]
[Site "Soest"]
[Date "1999.05.16"]
[Round "7"]
[White "Hekking, Geert"]
[Black "Baak, Karl"]
[Result "0-1"]
[WhiteElo "1620"]
[BlackElo "1773"]

1.e4 c5 2.Nf3 e6 3.d4 cxd4 4.Nxd4 Nc6 5.Nc3 Qc7 6.Be3 a6 7.Qd2 Nxd4 8.Bxd4 Ne7
9.Qe3 b5 10.a3 Bb7 11.f3 Rc8 12.Bd3 Ng6 13.e5 Bc5 14.Bxg6 hxg6 15.O-O Rh5
16.f4 g5 17.Kh1 Qc6 18.Rf2 gxf4 19.Qxf4 Rf5  0-1

[Event "Zalakaros Kupa 18th"]
[Site "Zalakaros"]
[Date "1999.05.17"]
[Round "6"]
[White "Cioara, Andrei Nestor"]
[Black "Horvath, Adam"]
[Result "0-1"]
[WhiteElo "2398"]
[BlackElo "2437"]

1.e4 c5 2.Nf3 Nc6 3.d4 cxd4 4.Nxd4 e6 5.Nc3 Qc7 6.g3 a6 7.Bg2 Nf6 8.O-O Bc5
9.Nxc6 dxc6 10.Bg5 e5 11.Bxf6 gxf6 12.Qh5 Be6 13.Qh6 O-O-O 14.Qxf6 h5 15.h4 Rhg8
16.Kh2 Be7 17.Qf3 Bxh4 18.Bh3 Bg5 19.Rad1 h4 20.Bf5 Kb8 21.Rxd8+ Qxd8 22.Rd1 Qb6
23.Na4 Qa7 24.b3 Bxf5 25.exf5 e4 26.Qe2 hxg3+ 27.fxg3 Bf6 28.b4 Be5 29.Nc5 Bxg3+
30.Kh3 Bc7 31.Qxe4 Ka8 32.Rd3 Qb8 33.b5 Rg1 34.Qd4 Qg8 35.Qxg1 Qxg1  0-1

[Event "Capablanca mem Elite"]
[Site "Havana"]
[Date "1999.05.20"]
[Round "12"]
[White "Slobodjan, Roman"]
[Black "Comas Fabrego, Luis"]
[Result "1-0"]
[WhiteElo "2536"]
[BlackElo "2541"]

1.e4 c5 2.Nc3 Nc6 3.Nge2 e6 4.d4 cxd4 5.Nxd4 Qc7 6.g3 a6 7.Bg2 Nf6 8.O-O Bc5
9.Nb3 Ba7 10.Qe2 d6 11.Be3 O-O 12.Bg5 Ne5 13.Kh1 Bd7 14.Bxf6 gxf6 15.f4 Nc4
16.Nd1 Kh8 17.Nc1 Rac8 18.Nd3 b5 19.c3 Bc6 20.Nb4 Bb7 21.a4 Ra8 22.Nd3 Bb6
23.f5 e5 24.Nb4 Qd7 25.Qd3 Rac8 26.axb5 Qxb5 27.Re1 a5 28.Nd5 Bxd5 29.exd5 Qb3
30.Be4 Nxb2 31.Qb1 Rxc3 32.Qxb2 Rxg3 33.Qxb3 Rxb3 34.Re2 Rg8 35.Nf2 Rb4 36.Nd3 Rd4
37.Rb1 Ba7 38.h3 Rg3 39.Rb7 Bc5 40.Nxc5 dxc5  1-0

[Event "ICC GM Fights 1"]
[Site "Internet"]
[Date "1999.05.22"]
[Round "6"]
[White "Sutovskij, Emil"]
[Black "Annakov, Babakuli"]
[Result "1-0"]
[WhiteElo "2612"]
[BlackElo "2600"]

1.e4 c5 2.Nc3 e6 3.Nf3 Nc6 4.d4 cxd4 5.Nxd4 Nf6 6.Nxc6 bxc6 7.e5 Nd5 8.Ne4 Qc7
9.f4 Bb7 10.c4 Nb6 11.Nd6+ Bxd6 12.exd6 Qd8 13.Be2 c5 14.O-O O-O 15.Be3 Rc8
16.Qe1 Qf6 17.b3 e5 18.f5 Qxd6 19.f6 g6 20.Rd1 Qc6 21.Bf3 e4 22.Bg4 Rce8
23.Qh4 Kh8 24.Rf4 Re5 25.Rdf1 Rg8 26.Qh6 Qd6 27.Be2 g5 28.Rf5 Rxf5 29.Rxf5 Qf8
30.Bxg5 Qxh6 31.Bxh6 d6 32.Bh5 Rg6 33.Bxg6 hxg6 34.Bg7+ Kg8 35.Rf4 g5 36.Rf5  1-0

[Event "Kassel op"]
[Site "Kassel"]
[Date "1999.05.22"]
[Round "2"]
[White "Krutsch, Wladimir"]
[Black "Majer, Damir"]
[Result "0-1"]
[WhiteElo "2092"]
[BlackElo "2286"]

1.e4 c5 2.Nf3 e6 3.d4 cxd4 4.Nxd4 Nc6 5.Nc3 Qc7 6.Be2 a6 7.a4 Nf6 8.O-O Bb4
9.Nxc6 bxc6 10.Bd3 d5 11.exd5 cxd5 12.Bd2 Bd6 13.h3 Bb7 14.Re1 O-O 15.a5 d4
16.Ne4 Nxe4 17.Bxe4 e5 18.Qf3 Bxe4 19.Qxe4 Rab8 20.Rab1 Qc4 21.b3 Qc5 22.Qd3 Qc6
23.c4 dxc3 24.Bxc3 Rb5 25.Rec1 Rd5 26.Qf3 Rc5 27.Qxc6 Rxc6 28.Bd2 Rfc8 29.Rxc6 Rxc6
30.b4 Rc2 31.Be3 f5 32.f3 e4 33.fxe4 fxe4 34.b5 axb5 35.a6 Ra2 36.a7 b4 37.Kf1 Kf7
38.Bd4 e3 39.Bxe3 Ke6 40.Bd4 Be5 41.Re1 Kd5 42.Bxe5 Rxa7 43.Bb2 Kc4 44.Re3 g6
45.g4 Ra2 46.Bf6 b3 47.Re2 Kd3 48.Rxa2 bxa2 49.Kf2 Ke4 50.Kg3 g5 51.Ba1 Ke3
52.Bg7 Ke4 53.Bf6 h6 54.Kf2 Kf4 55.Kg2 Ke4 56.Kg3 Ke3 57.h4 gxh4+ 58.Kxh4 Kf4
59.Bg7 Kf3 60.Bd4 Kf4 61.Bb2 Kf3 62.Bg7 Kg2  0-1